000 00292nam a22001097a 4500
008 240719b |||||||| |||| 00| 0 eng d
100 _aRanbir
_917259
245 _aHemkunt Ka Mushafer:
_bGuru Govind Singh
260 _bGuru Govind singh Foundation
_aChandigarh:
_c-
300 _a-
942 _cBK
999 _c38887
_d38887